Southville International School and Colleges
Your cart is empty.
  • Cart
  • Lists
    Public lists Eva Luna New books Lux_list list_1
    Your lists Log in to create your own lists
  • Log in to your account
  • Your cookies
  • Search history
Southville International School and Colleges
  • Advanced search
  • Recent comments
  • Most popular
  • Libraries

Log in to your account

Log in with GOOGLE


If you do not have an external account, but do have a local account, you can still log in:

  1. Home
  2. MARC view: The Maker's guide to building robots :
Normal view MARC view ISBD view

The Maker's guide to building robots : (Record no. 368828)

[ view plain ]
MARC details
000 -LEADER
fixed length control field 00763nam a22002177a 4500
003 - CONTROL NUMBER IDENTIFIER
control field 0
005 - DATE AND TIME OF LATEST TRANSACTION
control field 20260205154655.0
008 - FIXED-LENGTH DATA ELEMENTS--GENERAL INFORMATION
fixed length control field 260205b xxu||||| |||| 00| 0 eng d
020 ## - INTERNATIONAL STANDARD BOOK NUMBER
International Standard Book Number 978-1-5107-4428-8
050 ## - LIBRARY OF CONGRESS CALL NUMBER
Classification number M 629.892
Item number Mar298 2019
082 ## - DEWEY DECIMAL CLASSIFICATION NUMBER
Classification number M 629.892
Item number Mar298 2019
100 ## - MAIN ENTRY--PERSONAL NAME
Personal name Lapeira, Raul
245 ## - TITLE STATEMENT
Title The Maker's guide to building robots :
Remainder of title everything you need to know to build your own from scratch /
Statement of responsibility, etc Raul Lapeira and Andreu Marsal.
260 ## - PUBLICATION, DISTRIBUTION, ETC. (IMPRINT)
Place of publication, distribution, etc New York, NY :
Name of publisher, distributor, etc Sky Pony Press,
Date of publication, distribution, etc 2018.
300 ## - PHYSICAL DESCRIPTION
Extent v, 161 pages :
Other physical details illustrations ;
Dimensions 22 cm.
650 ## - SUBJECT ADDED ENTRY--TOPICAL TERM
Topical term or geographic name as entry element Robots
Form subdivision Juvenile literature.
650 ## - SUBJECT ADDED ENTRY--TOPICAL TERM
Topical term or geographic name as entry element Robots
Form subdivision Construction.
650 ## - SUBJECT ADDED ENTRY--TOPICAL TERM
Topical term or geographic name as entry element Engineering projects
Form subdivision Juvenile literature.
700 ## - ADDED ENTRY--PERSONAL NAME
Personal name Marsal, Andreu,
Relator term author.
942 ## - ADDED ENTRY ELEMENTS (KOHA)
Source of classification or shelving scheme Dewey Decimal Classification
Koha item type Books
Holdings
Withdrawn status Lost status Source of classification or shelving scheme Damaged status Home library Current library Shelving location Date acquired Source of acquisition Sub Shelving location Total Checkouts Full call number Barcode Date last seen Price effective from Koha item type
    Dewey Decimal Classification   Munich Library Munich Library Main Section 02/05/2026 Library Fund     M 629.892 Mar298 2019 M9401 02/05/2026 02/05/2026 Books

The Maker's guide to building robots :

APA

Lapeira R., Marsal A., . (2018). The Maker's guide to building robots. New York, NY: Sky Pony Press.

Chicago

Lapeira Raul, Marsal Andreu, . 2018. The Maker's guide to building robots. New York, NY: Sky Pony Press.

Harvard

Lapeira R., Marsal A., . (2018). The Maker's guide to building robots. New York, NY: Sky Pony Press.

MLA

Lapeira Raul, Marsal Andreu, . The Maker's guide to building robots. New York, NY: Sky Pony Press. 2018.

  • Place hold
  • Print
  • Cite
  • Add to your cart (remove)
  • Save record
    BIBTEX Dublin Core MARCXML MARC (non-Unicode/MARC-8) MARC (Unicode/UTF-8) MARC (Unicode/UTF-8, Standard) MODS (XML) RIS
  • More searches
    Search for this title in:
    Other Libraries (WorldCat) Other Databases (Google Scholar) Online Stores (Bookfinder.com) Open Library (openlibrary.org)

Exporting to Dublin Core...

SOUTHVILLE LIBRARY

Southville International School and Colleges Library

1281 Tropical Ave. Cor. Luxembourg St., BF Homes International, Las Pinas City

Tel. No. 8256374 / 252358 Loc. 117/146

Powered by Koha